| 000 | 00672nam a2200205 a 4500 | ||
|---|---|---|---|
| 001 | 000021768 | ||
| 005 | 20200930011436.0 | ||
| 008 | 100911s1984 cr 000 0 spa d | ||
| 020 | _a9977590230 | ||
| 040 |
_aDO-SdBNP _bspa _cBNPHU |
||
| 082 |
_a972.86 _bF363u |
||
| 100 | 1 |
_aFernández Guardia, Ricardo, _d1867-1950. _945233 |
|
| 245 | 1 | 3 |
_aUn caballero pirata y otras crónicas / _cRicardo Fernández Guardia. |
| 260 |
_aCosta Rica : _bInstituto del Libro, Ministerio de Cultura, Juventud y Deportes, _c1984. |
||
| 300 |
_a151, [2] p. ; _c21 cm. |
||
| 490 | 1 |
_aRescate _v10 |
|
| 650 | 4 |
_aCosta rica _xHistoria _945234 |
|
| 830 | 0 |
_aRescate ; _v10 _932480 |
|
| 049 | _aBNGR | ||
| 999 |
_c21267 _d21267 |
||